5HLuxD.jpg

KING HENRY VIII SENIOR AND PRIMARY SCHOOL LIBRARY OPAC

Egypt (Record no. 6146)

000 -LEADER
fixed length control field 00623nam a22002057a 4500
005 - DATE AND TIME OF LATEST TRANSACTION
control field 20260317155404.0
008 - FIXED-LENGTH DATA ELEMENTS--GENERAL INFORMATION
fixed length control field 260317b ||||| |||| 00| 0 eng d
020 ## - INTERNATIONAL STANDARD BOOK NUMBER
International Standard Book Number 9781476551661
040 ## - CATALOGING SOURCE
Transcribing agency KH8
082 ## - DEWEY DECIMAL CLASSIFICATION NUMBER
Classification number 962
100 ## - MAIN ENTRY--PERSONAL NAME
Personal name Juarez,Christine
Relator term Author
245 ## - TITLE STATEMENT
Title Egypt
260 ## - PUBLICATION, DISTRIBUTION, ETC.
Place of publication, distribution, etc. 1719 Roe Crest Drive,North Mankato,Minnesota 56003
Name of publisher, distributor, etc. Capstone Press
Date of publication, distribution, etc. ©2014
300 ## - PHYSICAL DESCRIPTION
Extent 24 pages
Other physical details colour illustration
Dimensions 15cm x 18cm
520 ## - SUMMARY, ETC.
Summary, etc. Travel to Egypt.Find out facts about this country in Africa.
650 ## - SUBJECT ADDED ENTRY--TOPICAL TERM
Topical term or geographic name entry element Juvenile Non Fiction
Form subdivision Egypt
655 ## - INDEX TERM--GENRE/FORM
Genre/form data or focus term History
655 ## - INDEX TERM--GENRE/FORM
Genre/form data or focus term People and Places
942 ## - ADDED ENTRY ELEMENTS (KOHA)
Source of classification or shelving scheme
Koha item type Books - Non Ficton
Holdings
Withdrawn status Lost status Source of classification or shelving scheme Damaged status Not for loan Collection code Permanent Location Current Location Shelving location Date acquired Full call number Barcode Date last seen Price effective from Koha item type Public note
          Non-Fiction KH8 Primary School Library KH8 Primary School Library Non Fiction 2026-03-17 962 JUA 3KHPL000002096 2026-03-17 2026-03-17 Books - Non Ficton PRIMARY LIBRARY

Powered By KH8 IT Dept